000
00287nam a22001217a 4500
008
180427b xxu||||| |||| 00| 0 eng d
041
_a
eng
080
_a
043.3
100
_a
0
101
_a
SI-BTH
245
_a
Ndikimi i teknologjisë në ndërmarrësi
_c
Bejtullahu,A
942
_2
udc
_c
BK
999
_c
45621
_d
45621